| 000 | 00391 a2200145 4500 | ||
|---|---|---|---|
| 001 | 80544 | ||
| 082 | _a621.380283BAL | ||
| 090 |
_c39663 _d39663 |
||
| 100 | _aBalanis, Constantine.A | ||
| 245 |
_aAntenna Theory, Analysis and Design, 1st Ed _cConstantine. A Balanis |
||
| 250 | _a1 | ||
| 260 |
_aNY _bJohn Wiley _c1982 |
||
| 300 |
_a790p _borigional |
||
| 500 | _aAvionics Textbook | ||
| 942 |
_aNUST-CAE _k621.380283BAL _cAV |
||
| 999 |
_c315617 _d315617 |
||